[Event "Fajr op 16th"]
[Site "Urmia"]
[Date "2008.02.03"]
[Round "2"]
[White "Shanava, Konstantine"]
[Black "Mamedov, Zaur"]
[Result "1-0"]
[WhiteElo "2521"]
[BlackElo "2130"]
[PlyCount "73"]
[EventDate "2008.02.03"]
[EventType "swiss"]
[EventRounds "11"]
[EventCountry "IRI"]
[SourceTitle "CBM 122 Extra"]
[Source "ChessBase"]
[SourceDate "2008.03.04"]
[SourceVersion "1"]
[SourceVersionDate "2008.03.04"]
[SourceQuality "1"]

1. e4 c6 2. d4 d5 3. exd5 cxd5 4. c4 Nf6 5. Nc3 e6 6. Nf3 Nc6 7. cxd5 Nxd5 8. Bd3 Be7 9. 0-0 0-0 10. Re1 Bf6 11. Be4 b6 12. Nxd5 exd5 13. Bxh7+ Kxh7 14. Qc2+ Kg8 15. Qxc6 Bg4 16. Ne5 Rc8 17. Qa4 Bxe5 18. dxe5 Qd7 19. Qxd7 Bxd7 20. Be3 Rc2 21. Bd4 Rfc8 22. Bc3 Rc4 23. Rac1 Rxc1 24. Rxc1 d4 25. Bd2 Rxc1+ 26. Bxc1 Kf8 27. f4 Ke7 28. Kf2 Ke6 29. g4 Kd5 30. Kf3 Kc4 31. f5 Kd3 32. h4 Bc6+ 33. Kf4 Kc2 34. Be3 dxe3 35. Kxe3 Kxb2 36. h5 Ba4 37. g5 1-0

[Event "Wch U14"]
[Site "Kemer"]
[Date "2007.11.25"]
[Round "8"]
[White "Mamedov, Zaur"]
[Black "Ben Artzi, Ido"]
[Result "1-0"]
[WhiteElo "2113"]
[BlackElo "2010"]
[PlyCount "103"]
[EventDate "2007.11.18"]
[EventType "swiss"]
[EventRounds "11"]
[EventCountry "TUR"]
[SourceTitle "CBM 121 Extra"]
[Source "ChessBase"]
[SourceDate "2008.01.10"]
[SourceVersion "1"]
[SourceVersionDate "2008.01.10"]
[SourceQuality "1"]

1. e4 d6 2. d4 Nf6 3. Bd3 e5 4. c3 Nc6 5. Ne2 g6 6. Bg5 exd4 7. cxd4 Be7 8. Nbc3 0-0 9. Qd2 Nh5 10. Bh6 Re8 11. Nd5 Nf6 12. Nxe7+ Qxe7 13. f3 d5 14. e5 Nd7 15. 0-0 Nb6 16. b3 Qb4 17. Qf4 Qe7 18. Ng3 Nd7 19. Rad1 Nd8 20. Nf5 Qb4 21. Bg5 gxf5 22. Bxd8 Nxe5 23. Qg5+ Ng6 24. Bf6 Qd6 25. Rfe1 Bd7 26. Be5 Qb6 27. Bxf5 Bxf5 28. Qxf5 Re6 29. Bg3 Rxe1+ 30. Bxe1 Qa6 31. Rd2 Re8 32. Bg3 Qa5 33. Qc2 c6 34. h4 h5 35. Qd3 Qd8 36. Qf5 Qe7 37. Qxh5 Qe3+ 38. Rf2 Qxd4 39. Kh2 Re1 40. Rc2 Rb1 41. Re2 Kg7 42. Qg5 f6 43. Qf5 Qa1 44. Bf4 Nxf4 45. Qxf4 Rh1+ 46. Kg3 Re1 47. Qg4+ Kh6 48. h5 Qb1 49. Re4 Kh7 50. Qg6+ Kh8 51. Re8+ Rxe8 52. Qxb1 1-0

[Event "Wch U14"]
[Site "Kemer"]
[Date "2007.11.24"]
[Round "7"]
[White "Perez Ponsa, Federico"]
[Black "Mamedov, Zaur"]
[Result "1-0"]
[WhiteElo "2232"]
[BlackElo "2113"]
[PlyCount "105"]
[EventDate "2007.11.18"]
[EventType "swiss"]
[EventRounds "11"]
[EventCountry "TUR"]
[SourceTitle "CBM 121 Extra"]
[Source "ChessBase"]
[SourceDate "2008.01.10"]
[SourceVersion "1"]
[SourceVersionDate "2008.01.10"]
[SourceQuality "1"]

1. e4 c6 2. d4 d5 3. Nd2 dxe4 4. Nxe4 Bf5 5. Ng3 Bg6 6. h4 h6 7. Nf3 Nd7 8. h5 Bh7 9. Bd3 Bxd3 10. Qxd3 e6 11. Bf4 Qa5+ 12. Bd2 Qc7 13. 0-0-0 Ngf6 14. Qe2 0-0-0 15. Ne5 Nb6 16. Ba5 Rd5 17. Bxb6 axb6 18. Ne4 c5 19. Nc3 Bd6 20. Nxd5 Nxd5 21. Rhe1 Kb8 22. Kb1 Rc8 23. Nc4 Be7 24. Qe5 Bf6 25. Qxc7+ Rxc7 26. dxc5 Rxc5 27. Nd2 Rb5 28. Nb3 Rb4 29. g3 Rc4 30. a3 b5 31. Nd2 Rc7 32. Ne4 Be7 33. c3 Kc8 34. Nd2 Bc5 35. Ne4 Be7 36. Ka2 Rc6 37. Nd2 Bc5 38. Re2 Ra6 39. Kb3 Be7 40. Nf3 Kd8 41. Nd4 Rb6 42. Nf5 Bf6 43. Ne3 Rd6 44. Red2 Kc8 45. Nxd5 exd5 46. Rxd5 Re6 47. Rxb5 Re2 48. Rc5+ Kb8 49. Rd7 Rxf2 50. Rb5 Rf3 51. Rbxb7+ Kc8 52. Rdc7+ Kd8 53. Rxf7 1-0

[Event "Wch U14"]
[Site "Kemer"]
[Date "2007.11.22"]
[Round "5"]
[White "Samarakone, UL."]
[Black "Mamedov, Zaur"]
[Result "0-1"]
[WhiteElo "1927"]
[BlackElo "2113"]
[PlyCount "92"]
[EventDate "2007.11.18"]
[EventType "swiss"]
[EventRounds "11"]
[EventCountry "TUR"]
[SourceTitle "CBM 121 Extra"]
[Source "ChessBase"]
[SourceDate "2008.01.10"]
[SourceVersion "1"]
[SourceVersionDate "2008.01.10"]
[SourceQuality "1"]

1. c4 c6 2. Nf3 d5 3. e3 Nf6 4. d4 e6 5. b3 Ne4 6. Bd3 Bd6 7. Bb2 0-0 8. c5 Bc7 9. b4 Bd7 10. a4 f5 11. b5 Be8 12. g3 Ba5+ 13. Nfd2 Qf6 14. f4 Nxc5 15. dxc5 Qxb2 16. Ra3 Bh5 17. Qc2 Qxc2 18. Bxc2 Nd7 19. Kf2 Nxc5 20. Nb3 Nxb3 21. Rxb3 c5 22. h3 Bg6 23. g4 c4 24. Rb2 Bb6 25. Kf3 Rae8 26. Nc3 d4 27. Nd1 c3 28. Ra2 fxg4+ 29. hxg4 d3 30. Bb3 c2 31. Nb2 d2 32. Bxc2 Bxc2 33. Nd1 Rc8 34. Ke2 Rfd8 35. a5 Bb3 36. Ra3 Bc4+ 37. Kf3 Bc5 38. Ra1 Bxb5 39. Ra2 Bc6+ 40. e4 Rd3+ 41. Ke2 Bxe4 42. Rf1 Rcd8 43. Rc2 b6 44. axb6 axb6 45. Rc3 Rxc3 46. Nxc3 Bd3+ 0-1